[Event "Eastpointe (MCO/2/23)"]
[Site "?"]
[Date "1995.??.??"]
[Round "?"]
[White "al-Shareef, Robert"]
[Black "Venia, H."]
[Result "1-0"]
[WhiteElo "1685"]
[BlackElo "1605"]
[PlyCount "51"]
[EventDate "1995.??.??"]

{2/(23)} 1. Nf3 d5 2. g3 Nc6 3. Bg2 e5 4. d3 h6 5. O-O Be6 6. Nbd2 Qd7 7. c3
O-O-O 8. b4 a6 9. a4 e4 10. b5 Nb8 11. Nd4 exd3 12. exd3 Bc5 13. N2b3 Bxd4 14.
Nxd4 Bh3 15. Be3 Bxg2 16. Kxg2 Nf6 17. Qb3 c6 18. Rfb1 h5 19. bxa6 Nxa6 20. Nf5
Ne8 21. Bf4 f6 22. Qb6 Qf7 23. Qxa6 bxa6 24. Rb8+ Kd7 25. Rb7+ Ke6 26. Nd4# 1-0

[Event "Troy (US Am N/3/10)"]
[Site "?"]
[Date "1995.??.??"]
[Round "?"]
[White "al-Shareef, Robert"]
[Black "Skidmore, Jennifer"]
[Result "0-1"]
[WhiteElo "1655"]
[BlackElo "1920"]
[PlyCount "56"]
[EventDate "1995.??.??"]

{3/(10)} 1. e4 e5 2. Nf3 d6 3. Bc4 Be7 4. Nc3 Nf6 5. O-O Bg4 6. h3 Bh5 7. Re1
c6 8. Re3 O-O 9. d4 Nbd7 10. Be2 Qc7 11. Nh4 Bg6 12. Nf5 Bxf5 13. exf5 Rfe8 14.
Rg3 d5 15. Bh6 g6 16. fxg6 fxg6 17. h4 e4 18. h5 Bd6 19. Rh3 Nf8 20. Bg5 Qf7
21. Qd2 Ne6 22. hxg6 hxg6 23. Bxf6 Qxf6 24. Qh6 Ng5 25. Rh4 Bf8 26. Rf4 Qxf4
27. Qxg6+ Bg7 28. Nd1 Re6 0-1

[Event "Eastpointe (EDO/4/6)"]
[Site "?"]
[Date "1995.??.??"]
[Round "?"]
[White "al-Shareef, Robert"]
[Black "Sattler, Peter"]
[Result "1/2-1/2"]
[WhiteElo "2725"]
[BlackElo "1780"]
[PlyCount "68"]
[EventDate "1995.??.??"]

{4/(6)} 1. e4 c5 2. Nf3 d6 3. d4 cxd4 4. Nxd4 Nf6 5. Nc3 a6 6. Be2 Nc6 7. Be3
Nxd4 8. Qxd4 e5 9. Qd2 Bd7 10. f4 Be7 11. Bf3 O-O 12. O-O Bc6 13. a4 Qd7 14.
Rfd1 b5 15. axb5 axb5 16. Nd5 Bxd5 17. exd5 e4 18. Be2 Ng4 19. Bd4 Rfe8 20. Ra5
Rxa5 21. Qxa5 Rb8 22. Ra1 Nf6 23. c4 bxc4 24. Bxc4 h6 25. Qc3 Rc8 26. Ra7 Qe8
27. Kh1 Nxd5 28. Bxd5 Rxc3 29. bxc3 Kh7 30. Bxe4+ g6 31. Ra8 Bd8 32. h3 Qxe4
33. Rxd8 g5 34. fxg5 hxg5 1/2-1/2

[Event "East Lansing (MOR/1a/11)"]
[Site "?"]
[Date "1995.??.??"]
[Round "?"]
[White "al-Shareef, Robert"]
[Black "Ryskamp, John"]
[Result "1-0"]
[WhiteElo "1710"]
[BlackElo "1605"]
[PlyCount "75"]
[EventDate "1995.??.??"]

1. e4 e6 2. d3 d5 3. Nd2 Bd6 4. Ngf3 c5 5. g3 Nc6 6. Bg2 Nf6 7. O-O O-O 8. Re1
Re8 9. e5 Be7 10. exf6 Bxf6 11. c3 Bd7 12. Nb3 Be7 13. Bf4 a5 14. h4 a4 15.
Nbd2 b5 16. Nf1 a3 17. b3 Rb8 18. Bxb8 Qxb8 19. h5 h6 20. N1h2 f5 21. d4 Bf6
22. Rc1 Qd6 23. Re3 b4 24. dxc5 Qxc5 25. c4 d4 26. Re1 Na5 27. g4 f4 28. Nd2
Qc7 29. Ne4 Be7 30. Nf3 e5 31. g5 Bg4 32. gxh6 gxh6 33. Qd3 Bxh5 34. Bh3 Bd8
35. c5 Qg7+ 36. Kh2 Bg4 37. Bxg4 Qxg4 38. Rg1 1-0

[Event "Troy (US Am N/4/14)"]
[Site "?"]
[Date "1995.??.??"]
[Round "?"]
[White "al-Shareef, Robert"]
[Black "Rutkofske, Lonnie"]
[Result "0-1"]
[WhiteElo "1655"]
[BlackElo "1915"]
[PlyCount "46"]
[EventDate "1995.??.??"]

{4/(14)} 1. Nf3 f5 2. b3 Nf6 3. Bb2 b6 4. g3 Bb7 5. Bg2 e6 6. d3 Be7 7. O-O O-O
8. Nbd2 d6 9. e4 Nbd7 10. Nd4 Nc5 11. exf5 Bxg2 12. Kxg2 e5 13. Nc6 Qd7 14. Qf3
Rae8 15. Rfe1 Kh8 16. Nxa7 c6 17. d4 e4 18. Qc3 Nd5 19. Qc4 Qxf5 20. Qe2 Ne6
21. Nxc6 Ndf4+ 22. gxf4 Nxf4+ 23. Kf1 Qh3+ 0-1

[Event "Eastpointe (EDO/2/4)"]
[Site "?"]
[Date "1995.??.??"]
[Round "?"]
[White "al-Shareef, Robert"]
[Black "Kulbacki, James"]
[Result "1-0"]
[WhiteElo "1630"]
[BlackElo "1920"]
[PlyCount "33"]
[EventDate "1995.??.??"]

{2/(4)} 1. e4 Nf6 2. Nc3 e5 3. Bc4 Nxe4 4. Bxf7+ Kxf7 5. Nxe4 d5 6. Ng3 Qf6 7.
Qf3 Qxf3 8. Nxf3 Bd6 9. d4 exd4 10. Nxd4 Re8+ 11. Be3 a6 12. O-O-O g6 13. Nf3
c6 14. Ng5+ Kg8 15. Rhe1 h6 16. N5e4 Bc7 17. Nf6+ 1-0

[Event "Troy (US Am N/1/43)"]
[Site "?"]
[Date "1995.??.??"]
[Round "?"]
[White "al-Shareef, Robert"]
[Black "Kim, P."]
[Result "1-0"]
[WhiteElo "1655"]
[BlackElo "1605"]
[PlyCount "59"]
[EventDate "1995.??.??"]

{1/(43)} 1. e4 e5 2. Nf3 Nc6 3. Bc4 Nf6 4. O-O d6 5. c3 a6 6. d3 Be7 7. h3 O-O
8. Nbd2 b5 9. Bb3 Na5 10. Bc2 Bb7 11. Re1 c5 12. Nf1 Qd7 13. Ng3 Nc6 14. Be3 d5
15. d4 dxe4 16. Nxe5 Nxe5 17. dxe5 Qxd1 18. Raxd1 Nd5 19. Nxe4 Rac8 20. Bc1
Rfd8 21. Rd3 f6 22. exf6 Nxf6 23. Rxd8+ Rxd8 24. Ng5 Rd7 25. Bf5 Rd8 26. Rxe7
Rd1+ 27. Kh2 Rxc1 28. Rxb7 h6 29. Rb8+ Ne8 30. Rxe8# 1-0

[Event "East Lansing (MOR/3/8)"]
[Site "?"]
[Date "1995.??.??"]
[Round "?"]
[White "al-Shareef, Robert"]
[Black "Kane, Paul"]
[Result "1-0"]
[WhiteElo "1710"]
[BlackElo "1605"]
[PlyCount "65"]
[EventDate "1995.??.??"]

{3/(8)} 1. e4 c5 2. Nf3 d6 3. d4 cxd4 4. Nxd4 Nf6 5. Nc3 a6 6. Be2 e5 7. Nb3
Be6 8. Be3 Be7 9. O-O O-O 10. f4 Qc7 11. f5 Bc4 12. Bxc4 Qxc4 13. Qf3 Nbd7 14.
a4 Nc5 15. Nxc5 dxc5 16. a5 Qb4 17. Bf2 b5 18. g4 h6 19. h4 c4 20. Qg3 Bc5 21.
g5 hxg5 22. hxg5 Bxf2+ 23. Rxf2 Nd7 24. f6 Rfd8 25. Nd5 Qxb2 26. Rd1 Nc5 27.
Qh4 Rxd5 28. exd5 Nd3 29. fxg7 Kxg7 30. Qh6+ Kg8 31. g6 Ra7 32. gxf7+ Rxf7 33.
Rg2+ 1-0

[Event "Troy (TCC Res/5/1)"]
[Site "?"]
[Date "1995.??.??"]
[Round "?"]
[White "al-Shareef, Robert"]
[Black "Herron, J."]
[Result "1-0"]
[WhiteElo "1645"]
[BlackElo "1730"]
[PlyCount "93"]
[EventDate "1995.??.??"]

{5/(1)} 1. e4 g6 2. d4 Bg7 3. Be3 d6 4. c4 Nf6 5. Nc3 O-O 6. f3 e5 7. Bd3 Nc6
8. Nge2 Ne8 9. d5 Ne7 10. Qd2 f5 11. f4 fxe4 12. Nxe4 Nf5 13. Bf2 Qe7 14. O-O
Bh6 15. Rad1 exf4 16. Nxf4 Qe5 17. g3 Neg7 18. Rde1 Nh4 19. Be3 Ngf5 20. Rf2
Nxe3 21. Rxe3 Qd4 22. Kh1 Nf5 23. Ref3 Bd7 24. Qe3 Rae8 25. Qxd4 Nxd4 26. Re3
c6 27. Kg2 cxd5 28. cxd5 Bxf4 29. Rxf4 Rxf4 30. gxf4 Nf5 31. Nf6+ Kf7 32. Nxe8
Nxe3+ 33. Kf3 Bxe8 34. Kxe3 Kf6 35. h4 Bd7 36. Kd4 Bf5 37. Be4 Bxe4 38. Kxe4 a6
39. a4 b6 40. b3 a5 41. Kd4 Kf5 42. Kc4 Kxf4 43. Kb5 g5 44. hxg5 Kxg5 45. Kc6
h5 46. Kxd6 Kf6 47. Kc7 1-0

[Event "Troy (TCC Res/2/8)"]
[Site "?"]
[Date "1995.??.??"]
[Round "?"]
[White "al-Shareef, Robert"]
[Black "Hartwig, Thomas"]
[Result "1-0"]
[WhiteElo "1645"]
[BlackElo "1605"]
[PlyCount "71"]
[EventDate "1995.??.??"]

{2/(8)} 1. e4 c5 2. Nf3 d6 3. d4 cxd4 4. Nxd4 Nf6 5. Nc3 g6 6. Be3 Bg7 7. f3
Nc6 8. Bc4 O-O 9. Qd2 Nxd4 10. Bxd4 Be6 11. Bxe6 fxe6 12. O-O-O a6 13. h4 Rc8
14. Kb1 Qd7 15. Be3 Nh5 16. Bd4 Rc4 17. Bxg7 Nxg7 18. Nd5 Rc5 19. Ne3 Qc7 20.
Ng4 Qa5 21. Nh6+ Kh8 22. Qe3 Qc7 23. Rd2 Qc6 24. g4 Ne8 25. g5 e5 26. h5 Kg7
27. hxg6 hxg6 28. Qb3 Nc7 29. Rdh2 e6 30. Ng4 Kf7 31. Rh7+ Ke8 32. Nf6+ Kd8 33.
Rd7+ Kc8 34. Rhh7 b5 35. Rxc7+ Qxc7 36. Qxe6+ 1-0

[Event "Eastpointe (MCO/4/15)"]
[Site "?"]
[Date "1995.??.??"]
[Round "?"]
[White "al-Shareef, Robert"]
[Black "Franke, R."]
[Result "1-0"]
[WhiteElo "1685"]
[BlackElo "1860"]
[PlyCount "75"]
[EventDate "1995.??.??"]

{4/(15)} 1. e4 c5 2. Nf3 d6 3. d4 cxd4 4. Nxd4 Nf6 5. Nc3 a6 6. Be2 e6 7. Be3
Be7 8. a4 O-O 9. O-O b6 10. f4 Bb7 11. Bd3 Nc6 12. Nf3 Qc7 13. Qe1 Rac8 14. Qg3
Kh8 15. e5 dxe5 16. fxe5 Nd5 17. Qh3 g6 18. Ng5 Bxg5 19. Bxg5 Qxe5 20. Nxd5
Qxg5 21. Nf6 h6 22. Nd7 Nb4 23. Nxf8 Rxf8 24. Rf2 Nxd3 25. Qxd3 Rd8 26. Qc3+ e5
27. Qc7 Bd5 28. Rd1 Kg8 29. Rxd5 Qc1+ 30. Rf1 Qxf1+ 31. Kxf1 Rxd5 32. Qxb6 Rd2
33. c4 a5 34. c5 Rc2 35. Qb8+ Kh7 36. Qxe5 Kg8 37. c6 Rc4 38. c7 1-0

[Event "Ann Arbor (Mini-Swiss/3/2)"]
[Site "?"]
[Date "1995.??.??"]
[Round "?"]
[White "al-Shareef, Robert"]
[Black "Flynn, J."]
[Result "0-1"]
[WhiteElo "1685"]
[BlackElo "1900"]
[PlyCount "54"]
[EventDate "1995.??.??"]

{3/(2)} 1. e4 Nf6 2. Nc3 d5 3. e5 Ne4 4. Nxe4 dxe4 5. d4 exd3 6. Bxd3 Nc6 7.
Qe2 e6 8. Nf3 Nb4 9. Bb5+ Bd7 10. Bg5 Be7 11. Rd1 c6 12. Bxe7 Qxe7 13. Bc4 O-O
14. O-O a5 15. a3 Nd5 16. Nd2 b5 17. Ba2 Bc8 18. Ne4 Nf4 19. Qg4 Ng6 20. f4 b4
21. h4 Qxh4 22. Qxh4 Nxh4 23. Rd6 Nf5 24. Rxc6 Bb7 25. Rc4 Bd5 26. g4 Bxc4 27.
Bxc4 Ne3 0-1

[Event "Troy (TCC Res/3/3)"]
[Site "?"]
[Date "1995.??.??"]
[Round "?"]
[White "al-Shareef, Robert"]
[Black "Carroll, R."]
[Result "1-0"]
[WhiteElo "1645"]
[BlackElo "1605"]
[PlyCount "60"]
[EventDate "1995.??.??"]

{3/(3)} 1. e4 e6 2. d3 d5 3. Nd2 d4 4. Ngf3 c5 5. g3 Nc6 6. Bg2 e5 7. O-O Bg4
8. h3 Bh5 9. Re1 Be7 10. Nf1 Qd7 11. N1h2 f5 12. exf5 Bf6 13. g4 O-O-O 14. gxh5
Qxf5 15. Ng4 Qxh5 16. Nd2 Bh4 17. Qf3 Nge7 18. Rxe5 Qe8 19. Rxc5 Rf8 20. Qe4 h5
21. Nf3 hxg4 22. Qxg4+ Kb8 23. Bf4+ Ka8 24. Nxh4 Qf7 25. Bg3 Qf6 26. Re1 g6 27.
Re6 Qg7 28. Rexc6 Nxc6 29. Rxc6 bxc6 30. Bxc6+ Qb7 1-0

[Event "East Lansing (MOR/7/11)"]
[Site "?"]
[Date "1995.??.??"]
[Round "?"]
[White "al-Shareef, Robert"]
[Black "Boyle, John"]
[Result "1-0"]
[WhiteElo "1710"]
[BlackElo "1605"]
[PlyCount "61"]
[EventDate "1995.??.??"]

{7/(11)} 1. e4 c5 2. Nf3 Nc6 3. Bb5 g6 4. O-O Bg7 5. c3 Nf6 6. Bxc6 dxc6 7. e5
Nd5 8. Re1 e6 9. d3 O-O 10. Nbd2 Bd7 11. Ne4 b6 12. Bg5 Qc7 13. Nf6+ Nxf6 14.
exf6 Bh8 15. Ne5 Rfd8 16. h4 h6 17. Bf4 Qc8 18. Qg4 Bxf6 19. Bxh6 Be8 20. h5
Bxe5 21. Rxe5 Qc7 22. Rae1 Rd5 23. Qg5 Qd8 24. Qf4 f6 25. hxg6 Bxg6 26. Rxe6
Rf5 27. Qg4 Kf7 28. Rxc6 Qd7 29. Qc4+ Rd5 30. Rc7 Rd8 31. Qxd5# 1-0

[Event "East Lansing (Class C/4/1)"]
[Site "?"]
[Date "1995.??.??"]
[Round "?"]
[White "al-Shareef, Robert"]
[Black "Barta, Roger"]
[Result "1/2-1/2"]
[WhiteElo "1605"]
[BlackElo "1605"]
[PlyCount "80"]
[EventDate "1995.??.??"]

{4/(1)} 1. e4 e6 2. d3 d5 3. Nd2 c5 4. Ngf3 Nc6 5. g3 d4 6. Bg2 e5 7. Nc4 Qc7
8. a4 Be6 9. Na3 Nf6 10. O-O h6 11. Bd2 Be7 12. c3 O-O 13. cxd4 Nxd4 14. Nxd4
cxd4 15. Nb5 Qb6 16. Qe1 a5 17. f4 exf4 18. gxf4 Bd7 19. e5 Ng4 20. Be4 Bxb5
21. axb5 Qxb5 22. Kh1 Bb4 23. Rg1 Bxd2 24. Qxd2 Ne3 25. Rg3 f5 26. Bf3 Qb4 27.
Qf2 Rac8 28. Rag1 Rf7 29. Bh5 Re7 30. Rg6 Rc6 31. Qg3 Rxg6 32. Qxg6 Ng4 33.
Bxg4 fxg4 34. Rxg4 Qe1+ 35. Rg1 Qf2 36. Qe4 Qxb2 37. Qd5+ Kh7 38. Qxa5 Rf7 39.
e6 Qf2 40. Qe5 Qf3+ 1/2-1/2

[Event "Ann Arbor (Mini-Swiss/1/5)"]
[Site "?"]
[Date "1995.??.??"]
[Round "?"]
[White "al-Shareef, Robert"]
[Black "Bacon, B."]
[Result "1-0"]
[WhiteElo "1685"]
[BlackElo "1605"]
[PlyCount "107"]
[EventDate "1995.??.??"]

{1/(5)} 1. e4 d5 2. exd5 c6 3. dxc6 e6 4. cxb7 Bxb7 5. Bb5+ Nc6 6. Nf3 a6 7.
Ba4 Bc5 8. d4 Bb6 9. c4 Nge7 10. c5 Ba5+ 11. Bd2 O-O 12. O-O Bxd2 13. Qxd2 Nf5
14. Bxc6 Bxc6 15. Ne5 Bd5 16. b4 f6 17. Ng4 Qe8 18. Nc3 Bc6 19. Rfe1 Qg6 20.
Qf4 h5 21. Rxe6 Bxg2 22. Ne5 fxe5 23. Rxg6 exf4 24. Rxg2 Nh4 25. d5 Nxg2 26.
Kxg2 f3+ 27. Kg3 h4+ 28. Kg4 Rf6 29. d6 Raf8 30. Nd5 Rg6+ 31. Kxh4 Rh6+ 32. Kg5
Kh7 33. h3 Rg6+ 34. Kh4 Rh6+ 35. Kg3 Rg6+ 36. Kh2 Rg2+ 37. Kh1 Rxf2 38. Rd1
Rxa2 39. d7 f2 40. Ne3 Re2 41. d8=Q Re1+ 42. Kg2 Rg1+ 43. Kh2 Rxd8 44. Rxd8
f1=Q 45. Nxf1 Rxf1 46. Ra8 Rb1 47. c6 Rc1 48. Rxa6 Kg8 49. b5 Kf7 50. Ra7+ Ke6
51. c7 Kd7 52. b6 Kc8 53. Ra8+ Kb7 54. Rb8+ 1-0

[Event "Lansing (Mini-Swiss.1/1)"]
[Site "?"]
[Date "1995.??.??"]
[Round "?"]
[White "_|_, Mike"]
[Black "Zacks, Naum"]
[Result "1-0"]
[WhiteElo "2005"]
[BlackElo "1855"]
[PlyCount "77"]
[EventDate "1995.??.??"]

{1/(1)} 1. d4 Nf6 2. Nf3 e6 3. e3 g6 4. Bd3 c5 5. O-O Bg7 6. dxc5 O-O 7. Nbd2
Nc6 8. c3 a5 9. Nc4 Ne8 10. Nb6 Ra7 11. e4 d6 12. Nxc8 Qxc8 13. Be3 Ne5 14.
Nxe5 dxe5 15. c6 Ra8 16. Bc5 Qxc6 17. Bxf8 Bxf8 18. Qe2 Nc7 19. Rad1 Rb8 20.
Bc2 Na6 21. Rd2 Be7 22. Rfd1 Nc5 23. b4 Na4 24. b5 Nxc3 25. bxc6 Nxe2+ 26. Rxe2
bxc6 27. Ba4 Bc5 28. Bxc6 Bd4 29. a4 Kg7 30. Kf1 f5 31. f3 Kf7 32. Rc2 Kf6 33.
exf5 exf5 34. Bb5 Kg5 35. Rc7 h6 36. g3 h5 37. f4+ Kg4 38. Kg2 h4 39. Be2# 1-0

[Event "East Lansing (MOR/2/49)"]
[Site "?"]
[Date "1995.??.??"]
[Round "?"]
[White "Zydeck, B."]
[Black "Waters, R."]
[Result "0-1"]
[WhiteElo "1605"]
[BlackElo "1605"]
[PlyCount "50"]
[EventDate "1995.??.??"]

{2/(49)} 1. e4 e5 2. Nf3 Nc6 3. Bb5 a6 4. Ba4 Nf6 5. d3 b5 6. Bb3 h6 7. O-O d6
8. Be3 Bg4 9. h3 Bh5 10. Nc3 Be7 11. Nd5 Na5 12. Nxe7 Nxb3 13. axb3 Qxe7 14.
Re1 O-O 15. c4 Nd7 16. Ra2 f5 17. Qa1 fxe4 18. dxe4 Bxf3 19. gxf3 Rxf3 20. cxb5
Qh4 21. Kf1 Qxe4 22. Ke2 Raf8 23. Rf1 Qc2+ 24. Ke1 Nc5 25. Rxa6 Nd3# 0-1

[Event "East Lansing (MOR/6/44)"]
[Site "?"]
[Date "1995.??.??"]
[Round "?"]
[White "Zydeck, B."]
[Black "Mitchell, Dave"]
[Result "0-1"]
[WhiteElo "1605"]
[BlackElo "1605"]
[PlyCount "76"]
[EventDate "1995.??.??"]

{6/(44)} 1. e4 c6 2. d4 d5 3. Nc3 dxe4 4. Nxe4 Bf5 5. Bd3 Qxd4 6. f3 Bxe4 7.
fxe4 e6 8. Nf3 Qb6 9. Bf4 Nd7 10. Qc1 Rd8 11. b3 Ndf6 12. Qe3 Bb4+ 13. c3 Bxc3+
14. Nd2 Qxe3+ 15. Bxe3 Bxa1 16. Ke2 h6 17. Bf4 g5 18. Bg3 e5 19. Bxe5 Bxe5 20.
Nf3 Bc7 21. a4 Ne7 22. b4 Ng6 23. g3 Nd7 24. b5 Nde5 25. bxc6 Nxf3 26. Kxf3
Ne5+ 27. Kf2 Nxd3+ 28. Ke3 Bb6+ 29. Kf3 Ne5+ 30. Ke2 bxc6 31. Rd1 Rxd1 32. Kxd1
Ke7 33. Ke1 Rd8 34. Ke2 Rd4 35. Ke3 c5 36. a5 Bxa5 37. Ke2 c4 38. Ke3 Bb6 0-1

[Event "East Lansing (MOR/4/47)"]
[Site "?"]
[Date "1995.??.??"]
[Round "?"]
[White "Zydeck, B."]
[Black "Anderson, JE."]
[Result "0-1"]
[WhiteElo "1605"]
[BlackElo "1605"]
[PlyCount "74"]
[EventDate "1995.??.??"]

{4/(47)} 1. e4 c5 2. Nf3 d6 3. Nc3 Nf6 4. d3 g6 5. Bg5 Bg7 6. Be2 Nc6 7. O-O a6
8. Re1 O-O 9. Nd5 Re8 10. c3 Nxd5 11. exd5 Ne5 12. d4 cxd4 13. cxd4 Nd7 14. Rc1
b5 15. h3 Nf6 16. a4 Rb8 17. Qd3 Nxd5 18. axb5 axb5 19. Qe4 Nf6 20. Qd3 h6 21.
Bh4 Nh5 22. Rc2 Bf5 23. Qd1 Bxc2 24. Qxc2 Bf6 25. Bd3 Kg7 26. d5 Qa5 27. Qb1
Bxh4 28. Nxh4 Nf4 29. Be4 e6 30. dxe6 Rxe6 31. b4 Qc7 32. g3 Nxh3+ 33. Kg2 Ng5
34. Bd3 Rbe8 35. Rc1 Qb7+ 36. Kg1 Nh3+ 37. Kf1 Qh1# 0-1

[Event "Detroit (MI Action/2/15)"]
[Site "?"]
[Date "1995.??.??"]
[Round "?"]
[White "Zuniga, Jesus"]
[Black "Zarzycki, Katherine"]
[Result "1-0"]
[WhiteElo "1605"]
[BlackElo "1605"]
[PlyCount "107"]
[EventDate "1995.??.??"]

{2/(15)} 1. d4 d5 2. c4 c5 3. dxc5 dxc4 4. Qxd8+ Kxd8 5. e4 Nf6 6. Nc3 e5 7.
Bxc4 Bxc5 8. Bxf7 Nc6 9. Nf3 Rf8 10. Bc4 Nb4 11. O-O a6 12. a3 Nc2 13. Rb1 b5
14. Bb3 Nd4 15. Nxd4 exd4 16. Bd5 Rb8 17. Ne2 d3 18. Nf4 Ng4 19. Nxd3 Bd4 20.
Bg5+ Ke8 21. Bf4 Rb6 22. h3 Nf6 23. Bc7 Nxe4 24. Bxb6 Bxb6 25. Bxe4 Be6 26. Bb7
Bc4 27. Rbd1 a5 28. Bc6+ Kd8 29. Ne5+ Kc7 30. Nxc4 bxc4 31. Bb5 g5 32. Bxc4 h5
33. b4 a4 34. Bb5 g4 35. Rd7+ Kb8 36. hxg4 hxg4 37. g3 Rf3 38. Rd3 Rxd3 39.
Bxd3 Kc7 40. Rc1+ Kd7 41. Bf5+ Ke7 42. Bxg4 Kf6 43. Rc6+ Kg5 44. Rxb6 Kxg4 45.
Kg2 Kg5 46. f4+ Kg4 47. Ra6 Kf5 48. b5 Ke4 49. b6 Ke3 50. b7 Kd3 51. b8=Q Kc2
52. Rc6+ Kd2 53. Qd8+ Ke1 54. Re6# 1-0

[Event "Detroit (WCO/2/2)"]
[Site "?"]
[Date "1995.??.??"]
[Round "?"]
[White "Zuniga, Jesus"]
[Black "Zaremba, Andrei"]
[Result "0-1"]
[WhiteElo "1605"]
[BlackElo "1990"]
[PlyCount "46"]
[EventDate "1995.??.??"]

{2/(2)} 1. d4 Nf6 2. c4 c5 3. Nf3 cxd4 4. Nxd4 Nc6 5. Nxc6 bxc6 6. e3 e6 7. Nc3
d5 8. Qc2 Bd6 9. cxd5 cxd5 10. Bd3 O-O 11. e4 Bb7 12. Bg5 h6 13. Bh4 Rc8 14.
Qe2 dxe4 15. Bxe4 Nxe4 16. Nxe4 Qa5+ 17. Kf1 Bxe4 18. Qxe4 Be5 19. Be7 Bxb2 20.
Rb1 Rfe8 21. Rxb2 Rc1+ 22. Ke2 Rxh1 23. g3 Re1+ 0-1

[Event "Detroit (MI Action/5/7)"]
[Site "?"]
[Date "1995.??.??"]
[Round "?"]
[White "Zuniga, Jesus"]
[Black "Iyer, Krishnan"]
[Result "1-0"]
[WhiteElo "1605"]
[BlackElo "1605"]
[PlyCount "71"]
[EventDate "1995.??.??"]

{5/(7)} 1. d4 d5 2. c4 Nc6 3. Nc3 dxc4 4. e4 e6 5. Nf3 Bb4 6. Bxc4 Nge7 7. O-O
O-O 8. Ne2 Ng6 9. Qc2 Re8 10. a3 Ba5 11. Be3 a6 12. Rfd1 Nce7 13. Rac1 c6 14.
b4 Bb6 15. Nc3 f5 16. Ng5 f4 17. Nxe6 Bxe6 18. Bxe6+ Kh8 19. Bd2 Bxd4 20. Ne2
Qb6 21. Nxd4 Qxd4 22. Bc3 Qb6 23. Rd7 Nf8 24. Bxg7+ Kxg7 25. Qc3+ Kg6 26. Bf5+
Nxf5 27. exf5+ Kxf5 28. Rf7+ Kg4 29. h3+ Kh5 30. Qf3+ Kg6 31. Qxf4 Qd8 32. Qf5+
Kh6 33. Rc5 Qd1+ 34. Kh2 Qd6+ 35. g3 Ng6 36. Qh5# 1-0

[Event "Detroit (MI Action/6/5)"]
[Site "?"]
[Date "1995.??.??"]
[Round "?"]
[White "Zuniga, Jesus"]
[Black "Gentry, Bronson"]
[Result "1-0"]
[WhiteElo "1605"]
[BlackElo "1605"]
[PlyCount "75"]
[EventDate "1995.??.??"]

{6/(5)} 1. c4 c5 2. e3 g6 3. d4 cxd4 4. exd4 Bg7 5. Nc3 d6 6. Be3 Nc6 7. Nf3
Bg4 8. Be2 Bxf3 9. Bxf3 Nf6 10. O-O O-O 11. a3 Rc8 12. Rc1 Nd7 13. b3 a6 14.
Be2 f5 15. f4 e5 16. fxe5 dxe5 17. dxe5 Bxe5 18. Bf3 Qe8 19. Bd5+ Kg7 20. Qd2
Rf6 21. Bg5 Rd6 22. Bh6+ Kh8 23. Rce1 Qd8 24. b4 Ne7 25. c5 Bxc3 26. Qxc3+ Rf6
27. Bxb7 Rc7 28. Bg5 Ng8 29. Bxf6+ Ndxf6 30. Bxa6 Nh6 31. b5 Rd7 32. b6 Rd4 33.
b7 Ne4 34. Rxe4 fxe4 35. b8=Q Qxb8 36. Qxd4+ Kg8 37. Bc4+ Nf7 38. Rxf7 1-0

[Event "Troy (TCC Res/3/5)"]
[Site "?"]
[Date "1995.??.??"]
[Round "?"]
[White "Zubatch, Steve"]
[Black "Whitworth, M."]
[Result "1-0"]
[WhiteElo "1700"]
[BlackElo "1635"]
[PlyCount "83"]
[EventDate "1995.??.??"]

{3/(5)} 1. e4 e5 2. Nf3 Nc6 3. Bb5 Bc5 4. c3 Nf6 5. d3 O-O 6. Bxc6 dxc6 7. Nxe5
Re8 8. Nf3 Bg4 9. O-O Bb6 10. Qe2 Nd5 11. Be3 Nxe3 12. fxe3 Qd6 13. Na3 Rad8
14. Rad1 Qh6 15. Nc4 Bc5 16. d4 Bf8 17. Ncd2 Be7 18. Qf2 Be6 19. a3 c5 20. Kh1
cxd4 21. exd4 f6 22. d5 Bg4 23. Qxa7 Bd6 24. Qd4 c6 25. Rde1 Bf4 26. c4 Re5 27.
Qf2 Rh5 28. g3 Bc7 29. e5 cxd5 30. exf6 Qxf6 31. cxd5 Rf8 32. Qg1 Qxb2 33. Qc5
Bxf3+ 34. Rxf3 Rxf3 35. Nxf3 h6 36. Qxc7 Qf2 37. Re8+ Kh7 38. Qf4 Qf1+ 39. Ng1
Qb1 40. d6 Rd5 41. Re6 Qd1 42. Qe4+ 1-0

[Event "Troy (TCC Res/1/7)"]
[Site "?"]
[Date "1995.??.??"]
[Round "?"]
[White "Zubatch, Steve"]
[Black "Rosebrook, G."]
[Result "1-0"]
[WhiteElo "1700"]
[BlackElo "1605"]
[PlyCount "65"]
[EventDate "1995.??.??"]

{1/(7)} 1. e4 c5 2. Nf3 g6 3. d4 Bg7 4. Nc3 e6 5. Be3 Bh6 6. Bxh6 Nxh6 7. dxc5
Nc6 8. Qd2 Ng4 9. Nb5 O-O 10. Nd6 Qf6 11. c3 Nge5 12. Be2 Nxf3+ 13. Bxf3 Ne5
14. Be2 b6 15. cxb6 axb6 16. O-O Kg7 17. a3 h5 18. h3 Rh8 19. b4 g5 20. f3 Ng6
21. g3 h4 22. f4 g4 23. Bxg4 hxg3 24. Qe3 e5 25. fxe5 Qxe5 26. Nxf7 Qe8 27.
Nxh8 Qxh8 28. Qd4+ Kh6 29. Qxh8+ Nxh8 30. Rf6+ Kg7 31. Rf3 Ng6 32. Rxg3 Nf4 33.
Bxd7+ 1-0

[Event "East Lansing (MOR/2/10)"]
[Site "?"]
[Date "1995.??.??"]
[Round "?"]
[White "Zubatch, Steve"]
[Black "Marson, Michael"]
[Result "1-0"]
[WhiteElo "1720"]
[BlackElo "1605"]
[PlyCount "55"]
[EventDate "1995.??.??"]

{2/(10)} 1. e4 e6 2. d4 d5 3. e5 c5 4. c3 Nc6 5. Nf3 cxd4 6. cxd4 Bb4+ 7. Bd2
Bxd2+ 8. Qxd2 f6 9. exf6 Nxf6 10. Nc3 O-O 11. a3 Bd7 12. Bd3 a6 13. O-O Qc7 14.
Rfe1 Ng4 15. Bc2 Rxf3 16. gxf3 Qxh2+ 17. Kf1 Nxd4 18. Qxd4 e5 19. Qxd5+ Kh8 20.
fxg4 Bc6 21. Qd3 e4 22. Qg3 Qh6 23. Bxe4 Bxe4 24. Rxe4 Qh1+ 25. Qg1 Qh3+ 26.
Ke1 Rd8 27. Rd1 Rf8 28. Qh1 1-0

[Event "East Lansing (MOR/6/1)"]
[Site "?"]
[Date "1995.??.??"]
[Round "?"]
[White "Zubatch, Steve"]
[Black "Brooks, Brion"]
[Result "1-0"]
[WhiteElo "1720"]
[BlackElo "1730"]
[PlyCount "79"]
[EventDate "1995.??.??"]

{6/(1)} 1. e4 e6 2. d4 d5 3. e5 c5 4. c3 Nc6 5. Nf3 Bd7 6. a3 f6 7. exf6 Nxf6
8. Bd3 c4 9. Bc2 Bd6 10. Qe2 Qe7 11. O-O O-O-O 12. Re1 Rdf8 13. Bg5 h6 14. Bh4
g5 15. Bg3 Nh5 16. Bxd6 Qxd6 17. Ne5 Nf4 18. Qe3 Nxe5 19. Qxe5 Qb6 20. Ra2 h5
21. Nd2 g4 22. Rf1 Qd8 23. f3 Qh4 24. g3 Qh3 25. Rf2 Rhg8 26. Kh1 h4 27. gxf4
g3 28. Rg2 gxh2 29. Rxh2 Qg3 30. Ra1 Rxf4 31. Qe1 Qg7 32. Qf2 Rh8 33. Rg1 Qh6
34. Rg4 Rxg4 35. fxg4 Rf8 36. g5 Rxf2 37. gxh6 Rf6 38. Rxh4 Rf8 39. h7 Rh8 40.
Rg4 1-0

[Event "East Lansing (MOR/4/3)"]
[Site "?"]
[Date "1995.??.??"]
[Round "?"]
[White "Zubatch, Steve"]
[Black "Barta, Roger"]
[Result "1-0"]
[WhiteElo "1720"]
[BlackElo "1675"]
[PlyCount "101"]
[EventDate "1995.??.??"]

{4/(3)} 1. e4 e6 2. d4 d5 3. e5 c5 4. c3 Nc6 5. Nf3 Qb6 6. a3 c4 7. Be2 Bd7 8.
O-O f6 9. exf6 Nxf6 10. Qc2 Bd6 11. Re1 h6 12. Qg6+ Kf8 13. Nbd2 Ne7 14. Qc2
Qc7 15. h3 Kf7 16. Bd1 Ng6 17. Qb1 e5 18. dxe5 Nxe5 19. Nxe5+ Bxe5 20. Nf3 Bd6
21. Bc2 Rhf8 22. Be3 Kg8 23. Bd4 Rae8 24. Rxe8 Bxe8 25. Qe1 Ne4 26. Bxe4 dxe4
27. Qxe4 Bc6 28. Qe6+ Kh8 29. Qxh6+ Kg8 30. Qe6+ Kh8 31. Qg6 Be8 32. Qe4 Qf7
33. Qh4+ Kg8 34. Re1 Bc6 35. Be5 Be7 36. Qg3 Bxf3 37. gxf3 Re8 38. Bd6 Bxd6 39.
Rxe8+ Qxe8 40. Qxd6 Qb5 41. Qb4 Qg5+ 42. Kf1 Qc1+ 43. Ke2 Qc2+ 44. Ke3 Qd3+ 45.
Kf4 Qd5 46. a4 Qf7+ 47. Kg3 g5 48. Qb5 Qc7+ 49. Kg2 Qf4 50. Qd5+ Kf8 51. Qxb7
1-0

[Event "Detroit (WCO/4/17)"]
[Site "?"]
[Date "1995.??.??"]
[Round "?"]
[White "Zorn, J."]
[Black "Wheeler, Je"]
[Result "1-0"]
[WhiteElo "1605"]
[BlackElo "1605"]
[PlyCount "63"]
[EventDate "1995.??.??"]

{4/(17)} 1. e4 d6 2. Nf3 e5 3. Bc4 Nf6 4. Nc3 Bg4 5. h3 Be6 6. Bb3 d5 7. exd5
Nxd5 8. Nxd5 c6 9. Ng5 Bxd5 10. Bxd5 cxd5 11. d3 Qd7 12. O-O f6 13. Nf3 Nc6 14.
d4 Rc8 15. dxe5 Nxe5 16. Nxe5 fxe5 17. Qh5+ g6 18. Qxe5+ Be7 19. Qxh8+ Kf7 20.
Qxh7+ Ke6 21. Qxg6+ Ke5 22. Re1+ Kd4 23. c3+ Kc5 24. Be3+ Kb5 25. c4+ dxc4 26.
a4+ Kb4 27. Qh5 b5 28. Bd2+ Kb3 29. Re3+ Kxb2 30. Qe5+ c3 31. Bxc3+ Rxc3 32.
Qxc3# 1-0